| 000 | 01074nam0a22002651 4500 | ||
|---|---|---|---|
| 001 | v19\rc\1931696 | ||
| 005 | 20251118180735.1 | ||
| 035 | _a(NLR Aleph) 005016819 | ||
| 090 |
_a6546524 _c6546524 |
||
| 100 | _a20080404d1912 u y0rusy50 ca | ||
| 101 | 0 | _arus | |
| 102 | _aRU | ||
| 105 | _ay z ||||| | ||
| 200 | 1 | _aУстав 2-го Общества потребителей в Полазнинском заводе, Пермской губернии и уезда | |
| 210 |
_aПермь _d1912 |
||
| 215 | _a24 с. | ||
| 532 | 1 | 1 | _aУстав Второго Общества потребителей в Полазнинском заводе, Пермской губернии и уезда |
| 710 | 0 | 2 |
_aПолазнинский железоделательный завод С.С. Абамелек-Лазарева _cПерм. уезд _bОбщество потребителей _c2 |
| 801 | 0 |
_aRU _bNLR _gpsbo |
|
| 801 | 0 |
_aRU _bRuMoRGB _2psbo |
|
| 801 | 1 |
_aRU _bProSoft-M _2rusmarc |
|
| 852 |
_aNLR _j43.12.9.479 |
||
| 899 |
_aRuMoRGB _jГр |
||
| 942 | _cBOOK | ||
| 980 | _aNB | ||